000
00320nam a22001337a 4500
008
180129b xxu||||| |||| 00| 0 eng d
020
_a
9789280811117
041
_a
eng
080
_a
574
100
_a
9
101
_a
MJE
245
_a
Reforming International Environmental Governance
_c
Chambers, W.D
942
_2
udc
_c
BK
999
_c
41176
_d
41176